Educating tribal children : (Record no. 88305)

MARC details
000 -LEADER
fixed length control field 00727nam a22002057a 4500
005 - DATE AND TIME OF LATEST TRANSACTION
control field 20140905105650.0
010 ## - LCCN (DPL NO)
LC control number ENG-110744
020 ## - INTERNATIONAL STANDARD BOOK NUMBER
International Standard Book Number 9788183876612
Terms of availability 1095.00
035 ## - SYSTEM CONTROL NUMBER
System control number EN-94276
037 ## - SOURCE OF ACQUISITION
Source of stock number/acquisition DBAD/PUB
082 ## - DEWEY DECIMAL CLASSIFICATION NUMBER
Classification number 307.772095484
100 ## - MAIN ENTRY--PERSONAL NAME
Personal name Gandhi, Malli
245 ## - TITLE STATEMENT
Title Educating tribal children :
Statement of responsibility, etc by Malli Gandhi [and] Vakulabharanam Lalitha
Remainder of title issues, concerns and remedies /
260 ## - PUBLICATION, DISTRIBUTION, ETC. (IMPRINT)
Place of publication, distribution, etc New Delhi
Name of publisher, distributor, etc Serials Publications
Date of publication, distribution, etc 2014
270 ## - ADDRESS
Address 4830/24, Prahlad Street, Ansari Road, Darya Ganj
City New Delhi
Postal code 110002
300 ## - PHYSICAL DESCRIPTION
Extent xviii,317p.
Dimensions 22cm(Hb)
500 ## - GENERAL NOTE
General note Includes bibliographical references and index
700 ## - ADDED ENTRY--PERSONAL NAME
Personal name Vakulabharanam Lalitha
942 ## - ADDED ENTRY ELEMENTS (KOHA)
Source of classification or shelving scheme Dewey Decimal Classification
Item type English Books
Classification part 307.772095484
Call number suffix GAN
Holdings
Withdrawn status Lost status Not for loan Collection code Home library Current library Date acquired Source of acquisition Cost, normal purchase price Full call number Barcode Copy number Cost, replacement price Koha item type
    Not For Loan Non-fiction D.B.Act.Division D.B.Act.Division 04/09/2014 DBAD / PUB 1095.00 307.772095484 GAN EN-94276 1 1095.00 English Books

© Delhi Public Library
Hit Counter
free hit counter